[Event "46th GRE-chT Premier 2018"]
[Site "Rio Achaia"]
[Date "2018.07.11"]
[Round "3"]
[White "Antova, Gabriela"]
[Black "Paehtz, Elisabeth"]
[Result "0-1"]
[WhiteElo "2301"]
[BlackElo "2489"]
[Annotator "TA"]
[PlyCount "74"]
[EventDate "2018.07.10"]
[EventType "team-tourn"]
[EventCountry "GRE"]
[SourceTitle "playchess.com"]
[Source "ChessBase"]
[SourceQuality "1"]

{[%evp 14,74,27,39,53,56,53,58,64,-16,0,-14,16,7,14,14,31,33,39,-7,-10,-6,-12,-63,-43,-52,-43,-45,-18,-27,-31,-93,-52,-85,-75,-95,-103,-107,-99,-116,-123,-139,-136,-140,-126,-145,-82,-154,-148,-142,-153,-143,-134,-197,-209,-266,-266,-312,-303,-333,-312,-1317,-1292]} 1. d4 e6 2. c4 b6 3. Nf3 Bb7 4. a3 f5 5. Nc3 Nf6 6. g3 g6 {A40: Unusual replies to 1 d4} (6... Ne4 7. Bd2 Be7 8. Bg2 O-O 9. O-O Bf6 10. Rc1 c5 11. d5 exd5 12. cxd5 d6 13. h4 h6 14. Bf4 g5 15. hxg5 hxg5 16. Be3 Qe7 17. Nxe4 fxe4 18. Nd2 Bxd5 {½-½ (44) Tomashevsky,E (2706)-Morozevich,A (2739) Tromsoe 2013}) 7. Bg2 Bg7 8. O-O {LiveBook: 14 Games} Ne4 {White is slightly better.} 9. Nxe4 Bxe4 10. Bg5 Qc8 11. Ne1 $146 ({White should play} 11. Qd2 $14) ({Predecessor:} 11. Qd2 O-O 12. Bh6 Nc6 13. Bxg7 Kxg7 14. d5 {½-½ (23) Murdzia,P (2481)-Khamitskiy,S (2324) Gdansk 2008}) 11... Bxg2 12. Nxg2 Qa6 13. Rc1 O-O 14. Re1 c5 15. Be3 Rc8 16. Qd3 Nc6 {[%cal Rc5d4]} 17. dxc5 Ne5 $36 {[%mdl 2048] White is under pressure.} 18. Qd6 (18. Qd2 $11) 18... Rc6 $1 $15 {[%cal Rc6d6]} 19. Qe7 bxc5 20. Red1 {Strongly threatening f4.} ({Don't blunder} 20. Bxc5 $2 Bf8 $19) 20... Bf8 (20... Qb7 {feels hotter.} 21. Rc2 Bf8 22. Qf6 Nf7 23. Qc3 Bg7) 21. Qh4 {Threatens to win with Bf4.} Qb7 22. h3 (22. Bd2 $15) 22... d6 23. Rd2 Rb8 24. Bg5 Rb6 25. Rcc2 Nf7 26. Bf6 Bh6 27. f4 Rb3 28. Kh2 Bg7 29. Ne1 Re3 (29... e5 $142 30. Nd3 exf4 31. Nxf4 Qe4) 30. Ng2 {[#]} (30. b4 $142) 30... Re4 $1 $17 31. b4 cxb4 32. axb4 Qc7 33. c5 (33. b5 $17) 33... d5 $19 34. c6 Rbxb4 {[%cal Bb8b4,Bb4c4,Bc4c6][%mdl 32]} ({Don't take} 34... Rexb4 35. Ne1 $17) 35. Rd3 Rbc4 36. Rb2 {And now Rdb3 would win.} Rxc6 ({Less strong is} 36... g5 37. Qh5 $17) 37. Ne3 $2 {[#]} (37. Rdb3 Rb6 38. Rxb6 axb6 39. Ra2) 37... g5 $1 {Precision: White = 33%, Black = 67%.} 0-1

[Event "46th GRE-chT Premier 2018"]
[Site "Rio Achaia"]
[Date "2018.07.11"]
[Round "3"]
[White "Trimitzios, Petros"]
[Black "Leniart, Arkadiusz"]
[Result "1/2-1/2"]
[WhiteElo "2300"]
[BlackElo "2489"]
[Annotator "ChessBase"]
[PlyCount "60"]
[EventDate "2018.07.10"]
[EventType "team-tourn"]
[EventCountry "GRE"]
[SourceTitle "playchess.com"]
[Source "ChessBase"]
[SourceQuality "1"]
[TimeControl "40/5400+30:1800+30"]

1. Nf3 {[%emt 0:00:00]} d5 {[%emt 0:00:00]} 2. d4 {[%emt 0:00:16]} Nf6 {[%emt 0:00:00]} 3. c4 {[%emt 0:00:20]} e6 {[%emt 0:00:00]} 4. g3 {[%emt 0:00:27]} Bb4+ {[%emt 0:00:00]} 5. Bd2 {[%emt 0:01:17]} Be7 {[%emt 0:00:00]} 6. Bg2 {[%emt 0:00:25]} O-O {[%emt 0:00:07]} 7. Qc2 Nbd7 {[%emt 0:04:13]} 8. O-O {[%emt 0:01:43]} Ne4 {[%emt 0:00:11]} 9. Nc3 {[%emt 0:03:53]} Nxd2 {[%emt 0:00:45]} 10. Nxd2 {[%emt 0:00:03]} c6 {[%emt 0:00:13]} 11. e4 {[%emt 0:01:59]} dxc4 {[%emt 0:00:09]} 12. Nxc4 {[%emt 0:00:39]} Nb6 {[%emt 0:00:08]} 13. Nxb6 {[%emt 0:01:24]} Qxb6 {[%emt 0:00:04]} 14. Rfd1 {[%emt 0:00:11]} e5 {[%emt 0:00:07]} 15. d5 {[%emt 0:13:14]} Rd8 {[%emt 0:00:27]} 16. dxc6 {[%emt 0:00:56]} bxc6 {[%emt 0:02:57]} 17. Na4 {[%emt 0:00:26]} Rxd1+ {[%emt 0:03:16]} 18. Rxd1 {[%emt 0:00:08]} Qc7 {[%emt 0:00:17]} 19. Rc1 {[%emt 0:00:57]} Bd7 {[%emt 0:08:06]} 20. Nc5 {[%emt 0:01:48]} Be8 {[%emt 0:00:23]} 21. Qc3 {[%emt 0:09:54]} Rd8 {[%emt 0:05:12]} 22. b4 {[%emt 0:03:48]} Rd4 {[%emt 0:07:11]} 23. a3 {[%emt 0:01:51]} Qd6 {[%emt 0:04:40]} 24. Nb3 {[%emt 0:03:17]} Rd1+ {[%emt 0:05:50]} 25. Rxd1 {[%emt 0:00:10]} Qxd1+ {[%emt 0:00:05]} 26. Bf1 {[%emt 0:00:03]} f6 {[%emt 0:07:36]} 27. Qd3 {[%emt 0:02:07]} Qxd3 {[%emt 0:01:18]} 28. Bxd3 {[%emt 0:00:04]} Kf8 {[%emt 0:01:01]} 29. Kf1 {[%emt 0:01:00]} Bd7 {[%emt 0:01:25]} 30. Ke2 {[%emt 0:00:14]} Ke8 {[%emt 0:00:27]} 1/2-1/2

[Event "46th GRE-chT Premier 2018"]
[Site "Rio Achaia"]
[Date "2018.07.11"]
[Round "3"]
[White "Dimitrov, Atanas"]
[Black "Tsagkaropoulos, Spyridon"]
[Result "1-0"]
[WhiteElo "2294"]
[BlackElo "2052"]
[Annotator "NA"]
[PlyCount "79"]
[EventDate "2018.07.10"]
[EventType "team-tourn"]
[EventCountry "GRE"]
[SourceTitle "playchess.com"]
[Source "ChessBase"]
[SourceQuality "1"]
[TimeControl "40/5400+30:1800+30"]

1. d4 {[%emt 0:00:31]} Nf6 {[%emt 0:00:00]} 2. g3 {[%emt 0:00:35]} e6 {[%emt 0:00:09]} 3. Bg2 {[%emt 0:01:24]} d5 {[%emt 0:02:28]} 4. Nf3 {[%emt 0:00:58]} Be7 {[%emt 0:02:01]} 5. c4 {[%emt 0:00:17]} O-O {[%emt 0:01:29]} 6. O-O {[%emt 0:02:04]} c6 {[%emt 0:05:43]} 7. Nc3 {[%emt 0:05:40]} Nbd7 {[%emt 0:01:53]} 8. b3 {[%emt 0:01:23]} Re8 {[%emt 0:09:20]} 9. Qc2 {[%emt 0:00:10]} b6 {[%emt 0:06:05]} 10. Rd1 {[%emt 0:00:55]} Bb7 {[%emt 0:01:14]} 11. e4 {[%emt 0:00:24]} dxe4 {[%emt 0:05:05]} 12. Nxe4 {[%emt 0:00:39]} Nxe4 {[%emt 0:00:23]} 13. Qxe4 {[%emt 0:00:02]} Bf6 {[%emt 0:01:38]} 14. Bf4 {[%emt 0:03:11]} a5 {[%emt 0:03:55]} 15. Rac1 {[%emt 0:03:48]} Qe7 {[%emt 0:03:44]} 16. Ne5 {[%emt 0:09:16]} Bxe5 {[%emt 0:03:16]} 17. dxe5 {[%emt 0:00:12]} Ra7 {[%emt 0:07:27]} 18. Qd4 {[%emt 0:12:55]} Ba8 {[%emt 0:02:21]} 19. Qd6 {[%emt 0:00:32]} Qxd6 {[%emt 0:08:41]} 20. Rxd6 {[%emt 0:00:13]} Rc7 {[%emt 0:01:02]} 21. Rcd1 {[%emt 0:04:44]} Nc5 {[%emt 0:02:40]} 22. Bg5 {[%emt 0:02:37]} Rcc8 {[%emt 0:03:44]} 23. Bd8 {[%emt 0:02:01]} b5 {[%emt 0:03:17]} 24. Bb6 {[%emt 0:12:24]} Na6 {[%emt 0:01:54]} 25. Bxa5 {[%emt 0:00:18]} bxc4 {[%emt 0:00:45]} 26. bxc4 {[%emt 0:00:42]} f5 {[%emt 0:04:11]} 27. exf6 {[%emt 0:22:23]} gxf6 {[%emt 0:00:12]} 28. Bb6 {[%emt 0:00:31]} c5 {[%emt 0:02:43]} 29. Bd8 {[%emt 0:00:11]} Bxg2 {[%emt 0:01:05]} 30. Kxg2 {[%emt 0:00:08]} Nb4 {[%emt 0:00:11]} 31. Bxf6 {[%emt 0:00:38]} Kf7 {[%emt 0:00:15]} 32. Be5 {[%emt 0:04:11]} Nxa2 {[%emt 0:00:18]} 33. R1d3 {[%emt 0:02:43]} Nb4 {[%emt 0:06:14]} 34. Rf3+ {[%emt 0:00:07]} Kg8 {[%emt 0:01:44]} 35. Rd7 {[%emt 0:03:39]} Nc6 {[%emt 0:01:05]} 36. Rg7+ {[%emt 0:00:06]} Kh8 {[%emt 0:00:04]} 37. Bf6 {[%emt 0:00:04]} h6 {[%emt 0:00:58]} 38. Rg6+ {[%emt 0:01:20]} Kh7 {[%emt 0:00:05]} 39. Rg7+ {[%emt 0:00:02]} Kh8 {[%emt 0:00:02]} 40. Rf4 {[%emt 0:00:00]} 1-0

[Event "46th GRE-chT Premier 2018"]
[Site "Rio Achaia"]
[Date "2018.07.11"]
[Round "3"]
[White "Spyropoulos, Nikolaos"]
[Black "Sotiropoulos, Anastasios-Theohar"]
[Result "1-0"]
[WhiteElo "2293"]
[BlackElo "1834"]
[Annotator "NA"]
[PlyCount "70"]
[EventDate "2018.07.10"]
[EventType "team-tourn"]
[EventCountry "GRE"]
[SourceTitle "playchess.com"]
[Source "ChessBase"]
[SourceQuality "1"]
[TimeControl "40/5400+30:1800+30"]

1. e4 {[%emt 0:03:44]} c6 {[%emt 0:00:00]} 2. d4 {[%emt 0:01:01]} d5 {[%emt 0:00:00]} 3. e5 {[%emt 0:00:02]} Bf5 {[%emt 0:00:00]} 4. h4 {[%emt 0:00:04]} h6 {[%emt 0:00:00]} 5. g4 {[%emt 0:00:04]} Bd7 {[%emt 0:00:00]} 6. Nc3 {[%emt 0:07:26]} c5 {[%emt 0:06:53]} 7. dxc5 {[%emt 0:10:25]} e6 {[%emt 0:07:55]} 8. Be3 {[%emt 0:02:54]} Qc7 {[%emt 0:05:32]} 9. f4 {[%emt 0:10:10]} Bxc5 {[%emt 0:02:19]} 10. Bxc5 {[%emt 0:00:44]} Qxc5 {[%emt 0:00:03]} 11. Qd2 {[%emt 0:00:34]} Nc6 {[%emt 0:10:06]} 12. O-O-O {[%emt 0:01:05]} O-O-O {[%emt 0:02:21]} 13. Kb1 {[%emt 0:04:33]} Nge7 {[%emt 0:04:13]} 14. Nf3 {[%emt 0:02:09]} Kb8 {[%emt 0:06:28]} 15. h5 {[%emt 0:07:59]} a6 {[%emt 0:06:25]} 16. Bd3 {[%emt 0:06:40]} Nc8 {[%emt 0:05:26]} 17. Rhg1 {[%emt 0:07:09]} b5 {[%emt 0:01:45]} 18. g5 {[%emt 0:02:44]} Nb6 {[%emt 0:01:15]} 19. gxh6 {[%emt 0:03:15]} gxh6 {[%emt 0:00:35]} 20. Rg7 {[%emt 0:00:31]} Rdf8 {[%emt 0:02:36]} 21. f5 {[%emt 0:01:12]} Be8 {[%emt 0:04:23]} 22. Ne2 {[%emt 0:01:48]} Nd7 {[%emt 0:03:40]} 23. Nf4 {[%emt 0:01:52]} Rfg8 {[%emt 0:05:58]} 24. Rxg8 {[%emt 0:00:54]} Rxg8 {[%emt 0:00:04]} 25. fxe6 {[%emt 0:00:06]} Ndxe5 {[%emt 0:00:45]} 26. Nxe5 {[%emt 0:02:51]} Nxe5 {[%emt 0:00:01]} 27. Qe2 {[%emt 0:05:18]} Nxd3 {[%emt 0:08:52]} 28. Nxd3 {[%emt 0:05:17]} Qb6 {[%emt 0:05:49]} 29. Qe5+ {[%emt 0:02:46]} Ka7 {[%emt 0:00:31]} 30. exf7 {[%emt 0:01:35]} Bxf7 {[%emt 0:00:05]} 31. Rf1 {[%emt 0:00:51]} Be8 {[%emt 0:05:47]} 32. Rf6 {[%emt 0:04:03]} Qd8 {[%emt 0:04:03]} 33. Rd6 {[%emt 0:03:00]} Rg1+ {[%emt 0:00:53]} 34. Nc1 {[%emt 0:00:11]} Qh4 {[%emt 0:01:38]} 35. Qe3+ {Qg5} Qd4 {Qh4 Qe3+} 1-0

[Event "46th GRE-chT Premier 2018"]
[Site "Rio Achaia"]
[Date "2018.07.12"]
[Round "3"]
[White "Cibickova, Zuzana"]
[Black "Videnova, Iva"]
[Result "0-1"]
[WhiteElo "2292"]
[BlackElo "2369"]
[Annotator "TA"]
[PlyCount "422"]
[EventDate "2018.07.10"]
[EventType "team-tourn"]
[EventCountry "GRE"]
[SourceTitle "playchess.com"]
[Source "ChessBase"]
[SourceQuality "1"]

{[%evp 19,422,31,72,43,51,31,40,18,22,18,37,0,0,0,0,0,0,0,0,0,6,0,0,0,0,0,4,-4,-6,-25,-18,-10,-8,-42,-40,-42,-35,-35,-35,-46,-43,-54,-41,-45,-45,-62,0,-38,-30,-53,-46,-69,0,-46,-46,-46,-46,-46,-46,-46,-46,-46,-46,-46,-28,-39,-37,-46,-23,-35,-35,-39,-28,-46,-46,-46,-46,-46,-37,-38,-39,-46,-47,-46,-46,-48,-46,-56,-46,-43,-45,-75,-78,-92,-68,-93,-88,-93,0,-68,-68,-93,-93,-93,-93,-85,-62,-74,-65,-84,-91,-91,-90,-109,-120,-116,-28,-37,-37,-29,-37,-64,-64,-58,-63,-56,-29,-44,-43,-47,-29,-29,-29,-29,-14,-22,-20,-41,-22,-37,-37,-48,-44,-42,-44,-48,-42,-48,-37,-37,-37,-29,-14,-29,-29,-29,-29,-29,-29,-29,-29,-48,-41,-41,-29,-37,-20,-20,-20,-55,-48,-48,-48,-74,-77,-80,-80,-80,-48,-48,-48,-80,-18,-79,-48,-41,0,-77,-73,-80,-61,-66,-49,-47,-46,-44,0,-80,-80,-84,-79,-77,-75,-196,-73,-75,-83,-75,-70,-92,-92,-239,-225,-235,-284,-272,-264,-243,-92,-92,0,-245,-243,-235,-232,-189,-84,-70,-62,-62,-62,-62,0,-62,-62,-79,-62,-62,-44,-43,-8,-8,-8,-8,-4,-4,-4,-325,-325,-325,-325,-325,-54,-54,-54,-54,-54,-54,0,-54,-54,-54,-54,-54,-54,-54,-54,-106,-88,-305,-181,-1501,-1718,-1414,-1291,-2122,-215,-1698,-215,-1587,-215,-1233,-320,-4134,-4218,-5876,-54,-4205,-83,-83,0,-5881,-1487,-5881,-5418,-5081,-118,-3065,-913,-3821,-939,-716,-559,-396,0,-3821,-1125,-440,-215,-305,-215,-215,-215,-215,-182,-198,-182,-182,-110,-4133,-1874,-1896,-1735,-1525,-110,-110,-110,-110,-110,-110,-82,-110,-110,-110,-110,-110,-110,-110,-110,-110,-110,-110,-110,-110,-110,-110,-110,-110,-110,-110,-110,-110,-110,-110,-83,-83,-83,-83,-83,-83,-83,-83,-83,-83,-83,-83,-83,-1785,-282,-29964,-285,-29978,-29978,-29981,-29979,-29979,-29979,-29979,-29980,-29982,-29983,-29983,-29984,-29984,-29985,-29985,-29986,-29986,-29980,-29982,-29980,-29980,-29981,-29981,-29982,-29982,-29983,-29984,-29985,-29985,-29986,-29986,-29987,-29987,-29988]} 1. Nf3 c5 2. c4 g6 3. d4 cxd4 4. Nxd4 Nf6 5. Nc3 Nc6 6. e4 d6 7. Be2 Nxd4 8. Qxd4 Bg7 9. Bg5 O-O 10. O-O a5 {LiveBook: 3 Games. B36: Sicilian: Maroczy Bind: Gurgenidze System} 11. Rac1 (11. Rad1 h6 12. Bh4 g5 13. Bg3 Nh5 14. Qe3 Nxg3 15. hxg3 a4 16. f4 Qa5 17. Nd5 e6 18. Ne7+ {1-0 (74) Teske,H (2476)-Stankovic,M (2406) Elgoibar 2017}) 11... a4 12. Rfd1 h6 $146 {White is slightly better.} ({Predecessor:} 12... Be6 13. Qe3 Qa5 14. Nd5 Bxd5 15. exd5 Rac8 16. Bf1 Rfe8 17. Qa3 Ne4 18. b4 {½-½ (28) Borsos,B (2230)-Zochowski,K (2120) Krakow 2015}) 13. Bxf6 (13. Bd2 {is interesting.} Be6 14. Qd3 Nd7 15. Qb1 Qb6 16. Be3) 13... Bxf6 14. Qe3 Ra5 15. Qd2 (15. Qxh6 $2 Bg5 $19) 15... Be6 ({But not} 15... Bg5 $6 16. f4 $16) 16. Nd5 ({Avoid the trap} 16. Qxh6 $2 Bg5 $19) 16... Bxd5 17. exd5 Bg5 18. f4 Bf6 19. Rc2 Qb6+ 20. Kh1 Rc5 21. Bd3 Qa5 22. Qxa5 Rxa5 23. Be2 Rc8 24. Rcd2 Rcc5 25. Kg1 Ra6 26. b4 axb3 $1 27. axb3 Bc3 28. Rc2 Bb4 29. Rb2 Rca5 30. Kf2 Ra3 31. Rd3 Ra1 32. Rd1 R1a3 33. Rd3 Kg7 34. g4 Ra1 35. Rd1 R1a3 36. Rd3 R6a5 37. Kf3 Ra1 38. Rd1 Rxd1 39. Bxd1 $15 {[%mdl 4096] Endgame KRB-KRB} Ra1 40. Be2 Kf6 41. Bd3 g5 42. fxg5+ hxg5 43. Re2 Rf1+ 44. Kg2 Rd1 45. Bc2 Rc1 (45... Ra1 {keeps more tension.} 46. Rf2+ Kg7 47. Re2 Kf8 48. Kf3 Bc5) 46. Kf3 Bc5 47. Kg2 Rg1+ 48. Kf3 b6 49. Bf5 Rc1 50. Bc2 Rf1+ 51. Kg2 Rg1+ 52. Kf3 Bd4 53. Rg2 Rh1 54. Re2 Be5 55. b4 Bc3 56. b5 Be5 57. Rf2 Bf4 58. Re2 Be5 (58... Ra1 $17) 59. Bd3 (59. Rf2 $1 $11 Bd4 60. Re2) 59... Ra1 ({Reject} 59... Bxh2 $6 60. Kg2 $14) 60. Bc2 Ra3+ 61. Re3 Ra8 62. h3 Ra2 63. Re2 Ra1 64. Kg2 Bf4 65. Rf2 Ra3 66. Rf3 Ra2 67. Rf2 Kg7 (67... Ke5 $17 {Hoping for ...Be3.} 68. Bd3 Ra3) 68. Bd1 Ra1 69. Be2 Be3 70. Rf1 Ra2 71. Kf3 Bd4 72. Rd1 Be5 73. Bf1 Kf6 74. Bd3 Ra3 75. Ke4 e6 76. Rf1+ Bf4 77. Rd1 Ra2 78. Bf1 Rf2 (78... Bg3 {seems wilder.} 79. Kf3 Bh4 80. dxe6 fxe6 81. Be2 Ke5) 79. dxe6 fxe6 80. Kd3 Rb2 81. Ke4 Rb4 82. Kf3 Be5 83. Bd3 Rb3 84. Ke4 Ke7 85. Rd2 Bf4 86. Rd1 Rb4 87. Kf3 Be5 88. Ke4 Bf6 89. Ke3 Rb2 90. Bf1 Be5 91. Kf3 Rb3+ 92. Bd3 d5 93. cxd5 exd5 94. Ke3 Kd6 95. Rb1 Ra3 96. Kd2 Kc5 97. Ke3 Bf4+ 98. Ke2 Kd4 99. Rd1 Ke5 100. Kf3 Rb3 (100... d4 $17) 101. Ke2 (101. h4 $1 $11) 101... Rb2+ $17 102. Kf3 Rb3 103. Ke2 d4 104. Ra1 Rb2+ 105. Kf3 Rd2 106. Bf1 Be3 107. Be2 $1 Bf4 108. Rd1 (108. Bf1 $1 $11 {keeps the balance.}) 108... Rb2 109. Bc4 Be3 110. Be2 Ra2 111. Rd3 (111. Re1 $17) 111... Ra8 (111... Bd2 $1 $19 112. Bf1 Rc2) 112. Rd1 Rf8+ 113. Kg3 Bf4+ 114. Kf3 Kd5 115. Bd3 (115. Bf1 $17) 115... Re8 $1 $19 116. Bf1 Re3+ 117. Kf2 Bg3+ 118. Kg1 Bd6 $2 (118... Ke4 $1 $19 {has better winning chances. ...d3 is the strong threat.} 119. Bg2+ Ke5) 119. Kf2 $17 Bg3+ $2 (119... Bb4 $17) 120. Kg1 $1 $19 Ke4 121. Bg2+ Ke5 122. Bf1 Bf4 (122... Rc3 $19 {and Black stays clearly on top.} 123. Bd3 Kf4) 123. Kf2 $17 Rb3 124. Bd3 $1 Rb2+ 125. Kf3 Be3 126. Be2 $1 Kd5 127. Rd3 Kc5 128. Rd1 Bd2 129. Ke4 Bc3 130. Kf3 Kb4 131. Bd3 Bd2 132. Ke4 Be3 133. Rb1 $2 {[%mdl 8192]} (133. Rf1 $11) 133... Rxb1 $19 134. Bxb1 Kxb5 {KB-KB} 135. Kd3 Kc5 $2 (135... Kb4 $19 {Strongly threatening ...Ka3.} 136. Ba2 b5) 136. Ba2 $15 Kb4 137. Be6 Ka3 {Threatens to win with ...b5.} 138. Bd7 Kb4 ({Black should play} 138... Kb3 $15) 139. Be8 ({Better is} 139. Be6 $11) 139... Kc5 140. Bd7 Kd5 141. Bb5 Ke5 142. Kc2 Kf4 143. Bf1 (143. Kd3 $15) 143... Kf3 $17 144. Bc4 $2 (144. Kd1 $17 {was necessary.}) 144... Kg2 $19 145. Be6 $2 (145. Be2) 145... Kxh3 146. Bd7 Kg3 147. Kd3 Kf3 $2 (147... Kf4 148. Bf5 Bg1) 148. Kc2 $2 (148. Bc8) 148... Bf2 $2 (148... Ke4 149. Bf5+ Kd5) 149. Kd2 $2 (149. Kd3) 149... Ke4 $2 (149... Kf4 150. Ke2 Bg1) 150. Bc6+ Ke5 $2 (150... Kf4 151. Bd7 Ke5) 151. Kd3 $2 (151. Bb5 Be3+ 152. Kd3) 151... Be1 152. Bb5 Kd5 $2 (152... Bc3 $19 153. Be8 Kd5 154. Bf7+ Kc5) 153. Bd7 $2 {[%mdl 8192]} (153. Bc4+ $15 Ke5 154. Bf7) 153... Kc5 $2 (153... Bb4 $19 {is more deadly.} 154. Ba4 Ba3) 154. Be8 $17 Kd5 (154... Bh4 $17) 155. Bb5 $2 {[%mdl 8192]} (155. Bd7 $11) 155... Ke5 (155... Bc3 $142 156. Bc4+ Kc5) 156. Ba4 Bb4 157. Bb5 Kf4 $2 (157... Bc3 $19 158. Be8 Ba1) 158. Bd7 $2 {[%mdl 8192]} (158. Kxd4 $17 Kxg4 159. Ke4) 158... Bc5 (158... Bc3 $142 159. Ke2 Kg3) 159. Ke2 Ke4 (159... Ba3 $142 160. Kd3 Ke5) 160. Bc6+ $19 Ke5 $1 161. Bb5 Kf4 $2 (161... Bd6 162. Kd3 Be7) 162. Bd7 $1 Be7 (162... Ba3 $142 163. Kd3 Ke5) 163. Kd3 Bf6 (163... Ke5 $142 164. Ba4 Kd5) 164. Ke2 (164. Bf5 $142) 164... Kg3 165. Kd2 Kf3 166. Kd3 Be5 167. Kd2 Bd6 168. Kd3 Bc5 $1 169. Kd2 $2 {[%mdl 8192]} (169. Bc8 $17) 169... Bb4+ 170. Kd3 {[#]} Bc3 $1 {[%cal Rc3a1]} 171. Kc2 b5 $2 (171... Ke3 $19 172. Bb5 Be1) 172. Bxb5 $17 Kxg4 173. Kd3 Kf3 174. Bc6+ Kg3 {And now ...g4 would win.} 175. Ke2 g4 176. Bd7 Kh4 177. Bc6 Ba5 178. Bb7 Bb6 179. Bc6 Kh3 180. Bd7 Kg3 181. Bc8 Kf4 182. Bb7 Bc5 183. Bc6 Ba3 184. Bb7 Bc1 185. Bc6 Be3 186. Bb7 Ke5 187. Bc8 {[#]} g3 $1 {[%cal Rg3g2] ( -> ...g2)} 188. Bb7 Kd6 189. Bg2 Kc5 {White must now prevent ...Kc4.} 190. Kd3 Kb4 191. Bd5 Bf2 192. Bg2 Kb3 193. Kd2 $2 {[%mdl 8192]} (193. Bd5+ $17 Kb2 194. Be4) 193... Be3+ $2 (193... Kb2 194. Be4 Be3+ 195. Kd3 Kc1) 194. Kd3 $19 Kb2 195. Ke2 $2 (195. Bf3 $19 Kc1 196. Ke2) 195... Kc3 {Black mates.} 196. Bf3 Bf4 197. Be4 Bc7 198. Bf5 Bd8 199. Be4 Bh4 200. Bg2 d3+ 201. Kd1 Kd4 202. Kd2 Bg5+ 203. Ke1 Bd8 204. Bh3 Ba5+ 205. Kf1 Kc3 206. Bg4 d2 207. Bd1 Kb2 208. Ba4 Kc1 209. Ke2 Bb6 210. Kf3 Bf2 211. Ke2 Be1 {Precision: White = 43%, Black = 62%.} 0-1

[Event "46th GRE-chT Premier 2018"]
[Site "Rio Achaia"]
[Date "2018.07.11"]
[Round "3"]
[White "Giannoulakis, Lampros"]
[Black "Tomici, Stefan"]
[Result "1/2-1/2"]
[WhiteElo "2287"]
[BlackElo "2369"]
[Annotator "NA"]
[PlyCount "60"]
[EventDate "2018.07.10"]
[EventType "team-tourn"]
[EventCountry "GRE"]
[SourceTitle "playchess.com"]
[Source "ChessBase"]
[SourceQuality "1"]
[TimeControl "40/5400+30:1800+30"]

1. d4 {[%emt 0:00:37]} d5 {[%emt 0:01:49]} 2. c4 {[%emt 0:00:09]} e6 {[%emt 0:00:05]} 3. Nc3 {[%emt 0:00:13]} Nf6 {[%emt 0:00:38]} 4. cxd5 {[%emt 0:00:08]} exd5 {[%emt 0:00:17]} 5. Bg5 {[%emt 0:00:26]} Be7 {[%emt 0:00:13]} 6. e3 {[%emt 0:00:13]} O-O {[%emt 0:07:46]} 7. Bd3 {[%emt 0:00:10]} Nbd7 {[%emt 0:02:26]} 8. Nf3 {[%emt 0:02:28]} h6 {[%emt 0:06:10]} 9. Bf4 {[%emt 0:00:39]} c6 {[%emt 0:05:03]} 10. h3 {[%emt 0:01:33]} Re8 {[%emt 0:02:33]} 11. Qc2 {[%emt 0:00:04]} Bf8 {[%emt 0:06:59]} 12. g4 {[%emt 0:06:09]} c5 {[%emt 0:25:50]} 13. O-O-O {[%emt 0:03:47]} c4 {[%emt 0:09:30]} 14. Bf5 {[%emt 0:00:36]} Nb6 {[%emt 0:01:45]} 15. Ne5 {[%emt 0:02:00]} Bxf5 {[%emt 0:10:54]} 16. Qxf5 {[%emt 0:02:03]} Qc8 {[%emt 0:02:58]} 17. Rdg1 {[%emt 0:11:20]} Qe6 {[%emt 0:05:09]} 18. h4 {[%emt 0:03:09]} Ne4 {[%emt 0:05:39]} 19. Qxe6 {[%emt 0:14:21]} Rxe6 {[%emt 0:00:06]} 20. f3 {[%emt 0:03:40]} Nxc3 {[%emt 0:01:05]} 21. bxc3 {[%emt 0:00:05]} f6 {[%emt 0:02:04]} 22. Ng6 {[%emt 0:00:18]} Ba3+ {[%emt 0:00:57]} 23. Kc2 {[%emt 0:00:43]} Kf7 {[%emt 0:00:17]} 24. h5 {[%emt 0:25:55]} Na4 {[%emt 0:00:13]} 25. Rb1 {[%emt 0:00:44]} b6 {[%emt 0:00:14]} 26. Rhe1 {[%emt 0:00:42]} a6 {[%emt 0:00:42]} 27. e4 {[%emt 0:00:54]} Rd8 {[%emt 0:01:14]} 28. Bg3 {[%emt 0:07:05]} b5 {[%emt 0:00:12]} 29. Nf4 {[%emt 0:00:41]} Ree8 {[%emt 0:00:39]} 30. Nxd5 {[%emt 0:01:38]} Bd6 {[%emt 0:00:38]} 1/2-1/2

[Event "46th GRE-chT Premier 2018"]
[Site "Rio Achaia"]
[Date "2018.07.11"]
[Round "3"]
[White "Botsari, Anna-Maria"]
[Black "Cornette, Deimante"]
[Result "0-1"]
[WhiteElo "2284"]
[BlackElo "2470"]
[Annotator "TA"]
[PlyCount "70"]
[EventDate "2018.07.10"]
[EventType "team-tourn"]
[EventCountry "GRE"]
[SourceTitle "playchess.com"]
[Source "ChessBase"]
[SourceQuality "1"]

{[%evp 28,70,1,0,1,0,1,-14,-14,-16,-10,-32,-28,-30,-43,-128,-115,-109,-134,-143,-131,-150,-127,-237,-233,-331,-337,-344,-351,-433,-443,-468,-452,-472,-464,-470,-478,-803,-798,-749,-719,-1055,-1071,-29987,-29988]} 1. d4 Nf6 2. c4 e6 3. g3 c5 4. d5 exd5 5. cxd5 d6 6. Nc3 g6 7. Bg2 Bg7 8. Nf3 O-O {[%cal Bh8f8,Bf8e8,Be8e5][%mdl 32]} 9. O-O Re8 10. Nd2 a6 11. a4 Nbd7 12. Nc4 Ne5 13. Nxe5 Rxe5 14. Bf4 Re8 {A64: Modern Benoni: Fianchetto Variation: 9...Nbd7 10 Nd2 a6 11 a4 Re8} 15. a5 {LiveBook: 6 Games} b5 16. axb6 $1 Qxb6 {The position is equal.} 17. Na4 Qd8 18. Re1 Ng4 19. Qd2 {[#]} Rb8 $146 ({Predecessor:} 19... Bd4 20. Rf1 Bf6 21. h4 Rb8 22. Rab1 {0-1 (33) Etxagibel Larranaga,A (1990)-Dgebuadze,A (2544) San Sebastian 2011}) 20. Ra2 Rb4 21. Qc1 {[#]} (21. Nc3 $15) 21... Bd4 $1 $17 {[%cal Rd4f2]} 22. e3 Bg7 $36 {[%mdl 2048] Keeping White busy.} 23. e4 Bd4 24. Rf1 Qf6 25. Nc3 (25. Qe1 $17) 25... Nxf2 26. Rxf2 (26. Be3 $142 Nd3 27. Qd2 Bxe3+ 28. Qxe3) 26... Bxf2+ $19 27. Kxf2 g5 $1 28. Kg1 gxf4 29. gxf4 Kh8 30. Kh1 Rg8 31. Qf1 Qd4 32. Nd1 (32. f5 $142 Bd7 33. Qd1) 32... Qd2 33. Ra1 Bd7 34. f5 Bb5 35. Qf3 Qe1+ {Precision: White = 24%, Black = 88%.} 0-1